[Event "GER-chT U16"]
[Site "Magdeburg"]
[Date "2023.12.28"]
[Round "4.4"]
[White "Stein, Theodor"]
[Black "Nunez Gregoire, Daniel"]
[Result "1/2-1/2"]
[WhiteElo "1700"]
[BlackElo "1708"]
[PlyCount "78"]
[EventDate "2023.12.26"]
[EventType "team-swiss"]
[EventRounds "7"]
[EventCountry "GER"]
[SourceTitle "CB03_2024"]
[SourceDate "2024.01.17"]
[SourceVersion "1"]
[SourceVersionDate "2024.01.17"]
[SourceQuality "1"]
[WhiteTeam "Berlin Empor"]
[BlackTeam "Stuttgart SF"]
[WhiteTeamCountry "GER"]
[BlackTeamCountry "GER"]

1. e4 e5 2. Nf3 Nc6 3. d4 exd4 4. Nxd4 Nf6 5. Nc3 Bb4 6. Nxc6 bxc6 7. Bd3 0-0 8. 0-0 d5 9. exd5 cxd5 10. Bg5 Be7 11. Qf3 c6 12. Rfe1 Be6 13. Ne2 Bg4 14. Qg3 Bh5 15. Nf4 Bg6 16. Rad1 Bd6 17. Qf3 Qc7 18. Bxf6 Bxf4 19. g3 Bd6 20. Bc3 Rfe8 21. b3 Bxd3 22. Qxd3 Be5 23. Bxe5 Rxe5 24. Qd4 Rae8 25. Rxe5 Rxe5 26. Kg2 f6 27. Qc5 Qb6 28. Qxb6 axb6 29. Kf3 Kf7 30. Rd4 b5 31. Rb4 Re1 32. a4 bxa4 33. bxa4 Rc1 34. Rb2 Ra1 35. Rb6 c5 36. Rb5 c4 37. Rxd5 Rxa4 38. Rc5 Ra3+ 39. Ke2 Rc3 1/2-1/2

[Event "GER-chT U14"]
[Site "Willingen"]
[Date "2022.08.14"]
[Round "3.4"]
[White "Vecera, Fabio"]
[Black "Stein, Theodor"]
[Result "1/2-1/2"]
[WhiteElo "1527"]
[BlackElo "1510"]
[PlyCount "55"]
[EventDate "2022.08.13"]
[EventType "team-swiss"]
[EventRounds "7"]
[EventCountry "GER"]
[SourceTitle "EXT 2023"]
[Source "ChessBase"]
[SourceDate "2022.10.05"]
[SourceVersion "1"]
[SourceVersionDate "2022.10.05"]
[SourceQuality "1"]
[WhiteTeam "Leipzig VfB"]
[BlackTeam "Barnim"]
[WhiteTeamCountry "GER"]
[BlackTeamCountry "GER"]

1. Nf3 d6 2. c4 g6 3. Nc3 Bg7 4. g3 Nf6 5. Bg2 0-0 6. 0-0 c6 7. d3 Nbd7 8. Qc2 e5 9. d4 Qc7 10. Rd1 exd4 11. Nxd4 Nb6 12. b3 Re8 13. Ba3 a6 14. Rac1 Be6 15. Nxe6 fxe6 16. Bxd6 Qf7 17. h3 Rad8 18. Rd3 e5 19. Bc5 Nbd7 20. Be3 Nf8 21. Rcd1 Rxd3 22. Qxd3 Ne6 23. Qc2 Rf8 24. Ne4 Nxe4 25. Bxe4 Nd4 26. Qb2 Qd7 27. Kg2 Qf7 28. Rf1 1/2-1/2

[Event "GER Pfingstopen U16"]
[Site "Playchess.com INT"]
[Date "2020.06.05"]
[Round "11"]
[White "Haenselmann, Hendrik"]
[Black "Stein, Theodor"]
[Result "1-0"]
[WhiteElo "1443"]
[BlackElo "1516"]
[PlyCount "61"]
[EventDate "2020.06.05"]
[EventType "swiss (blitz)"]
[EventRounds "11"]
[EventCountry "GER"]
[SourceTitle "CBM 197 Extra"]
[Source "ChessBase"]
[SourceDate "2020.09.30"]
[SourceVersion "1"]
[SourceVersionDate "2020.09.30"]
[SourceQuality "1"]

1. e4 d6 2. d4 g6 3. Nc3 Bg7 4. g3 Nf6 5. Bg2 0-0 6. Nge2 e5 7. h3 c6 8. 0-0 Nbd7 9. Be3 b5 10. a3 a5 11. Qd2 Ba6 12. f4 exf4 13. Bxf4 Nb6 14. Rad1 Nc4 15. Qc1 b4 16. axb4 axb4 17. Na4 Nxb2 18. Nxb2 Bxe2 19. e5 dxe5 20. dxe5 Bxd1 21. exf6 Bxf6 22. Nxd1 Bd4+ 23. Be3 Bxe3+ 24. Nxe3 Rc8 25. Ng4 c5 26. Nf6+ Kg7 27. Kh2 c4 28. Qb2 c3 29. Qxb4 Qd2 30. Qh4 h5 31. Qe4 1-0

[Event "GER Pfingstopen U16"]
[Site "Playchess.com INT"]
[Date "2020.06.05"]
[Round "2"]
[White "Stein, Theodor"]
[Black "Buchinger, Alexis"]
[Result "0-1"]
[WhiteElo "1388"]
[BlackElo "1599"]
[PlyCount "180"]
[EventDate "2020.06.05"]
[EventType "swiss (blitz)"]
[EventRounds "11"]
[EventCountry "GER"]
[SourceTitle "CBM 197 Extra"]
[Source "ChessBase"]
[SourceDate "2020.09.30"]
[SourceVersion "1"]
[SourceVersionDate "2020.09.30"]
[SourceQuality "1"]

1. e4 e5 2. Nf3 Nc6 3. d4 exd4 4. Nxd4 Bc5 5. Be3 Qf6 6. c3 Nge7 7. Bc4 Ne5 8. Be2 Qb6 9. Qc2 N7c6 10. 0-0 Bxd4 11. cxd4 Nxd4 12. Bxd4 Qxd4 13. Rd1 Qb6 14. Qc3 d6 15. Qg3 0-0 16. b3 Be6 17. Nc3 Nc6 18. Bd3 Ne5 19. Bc2 Nc6 20. Kh1 Nb4 21. Bb1 c6 22. a3 Na6 23. b4 Rfd8 24. Qh4 d5 25. exd5 Bxd5 26. Qxh7+ Kf8 27. Re1 f6 28. Bg6 Qxf2 29. Qh8+ Bg8 30. Bh7 Kf7 31. Bxg8+ Rxg8 32. Qh5+ g6 33. Qh7+ Rg7 34. Re7+ Kxe7 35. Qxg7+ Kd6 36. Rd1+ Ke5 37. Qe7+ Kf5 38. Qe4+ Kg5 39. h4+ Qxh4+ 40. Kg1 Qxe4 41. Nxe4+ Kh6 42. Nxf6 c5 43. bxc5 Nxc5 44. Ng4+ Kg5 45. Rd5+ Kxg4 46. Rxc5 Rf8 47. Rc4+ Rf4 48. Rc7 Ra4 49. Rxb7 Rxa3 50. Rb4+ Kg5 51. Rb5+ Kh6 52. Kh2 a5 53. Rb8 a4 54. Rh8+ Kg7 55. Ra8 Ra1 56. Ra7+ Kh6 57. Ra8 a3 58. Rh8+ Kg5 59. Ra8 a2 60. Ra5+ Kf4 61. Ra4+ Ke3 62. Ra3+ Kd2 63. Ra8 Kc2 64. Rc8+ Kb3 65. Rb8+ Ka4 66. Ra8+ Kb5 67. Rb8+ Ka6 68. Rg8 Rh1+ 69. Kxh1 a1Q+ 70. Kh2 Qe5+ 71. Kh1 Qe1+ 72. Kh2 Qh4+ 73. Kg1 Qg5 74. Ra8+ Kb7 75. Rg8 Kc6 76. Ra8 Kd6 77. Ra6+ Ke7 78. Ra7+ Kf8 79. Ra8+ Kg7 80. Ra7+ Kh6 81. Ra8 Kh5 82. Rh8+ Kg4 83. Ra8 Qb5 84. Rg8 g5 85. Kh2 Qe5+ 86. Kg1 Kg3 87. Rf8 Qe1+ 88. Rf1 Qe3+ 89. Kh1 g4 90. Rg1 Qh6# 0-1

[Event "GER Pfingstopen U25"]
[Site "Playchess.com INT"]
[Date "2020.06.02"]
[Round "7"]
[White "Stein, Theodor"]
[Black "Somsoor, M Yousif"]
[Result "0-1"]
[WhiteElo "1427"]
[BlackElo "1620"]
[PlyCount "52"]
[EventDate "2020.06.02"]
[EventType "swiss (blitz)"]
[EventRounds "11"]
[EventCountry "GER"]
[SourceTitle "CBM 197 Extra"]
[Source "ChessBase"]
[SourceDate "2020.09.30"]
[SourceVersion "1"]
[SourceVersionDate "2020.09.30"]
[SourceQuality "1"]

1. e4 c5 2. Nf3 d6 3. d4 cxd4 4. Nxd4 Nf6 5. Nc3 g6 6. Bc4 Bg7 7. 0-0 0-0 8. Bg5 a6 9. Qf3 b5 10. Bb3 Bb7 11. Rfe1 Nc6 12. Rad1 Nxd4 13. Rxd4 Rc8 14. Red1 Qc7 15. Qe3 Ng4 16. Qf4 Bxd4 17. Rxd4 Nf6 18. Qh4 Qc5 19. Rd3 b4 20. Rh3 h5 21. Nd5 Nxd5 22. Bxd5 Bxd5 23. exd5 Qxd5 24. g3 Rxc2 25. g4 Rfc8 26. f3 Qd1+ 0-1

[Event "GER-ch U18 sf Berlin Online"]
[Site "Playchess.com INT"]
[Date "2020.05.01"]
[Round "6"]
[White "Stein, Theodor"]
[Black "Krueger, Ulf Benno"]
[Result "0-1"]
[WhiteElo "1488"]
[BlackElo "1620"]
[PlyCount "128"]
[EventDate "2020.05.01"]
[EventType "swiss (blitz)"]
[EventRounds "13"]
[EventCountry "GER"]
[SourceTitle "CBM 195 Extra"]
[Source "ChessBase"]
[SourceDate "2020.05.31"]
[SourceVersion "1"]
[SourceVersionDate "2020.05.31"]
[SourceQuality "1"]

1. e4 e6 2. d4 d5 3. Nc3 Nf6 4. exd5 exd5 5. Nf3 Bd6 6. Bd3 h6 7. 0-0 0-0 8. Re1 Be6 9. Be3 c6 10. Qd2 Re8 11. h3 Bf8 12. Ne5 Nbd7 13. Bf4 Nxe5 14. Bxe5 Bd6 15. Qf4 Bb8 16. Qg3 Kh8 17. Qh4 Bxe5 18. dxe5 Nd7 19. Qg3 Nc5 20. Rad1 Nxd3 21. Rxd3 Qe7 22. Red1 Rad8 23. Ne2 Bf5 24. R3d2 Qxe5 25. Qxe5 Rxe5 26. Ng3 Bg6 27. c4 Kh7 28. cxd5 Rexd5 29. Rxd5 Rxd5 30. Re1 Rd2 31. Re2 Rxe2 32. Nxe2 Bb1 33. a3 Kg6 34. g3 Kf5 35. h4 Bd3 36. Nc1 Ke4 37. Kg2 Bc4 38. b3 Be6 39. b4 Kd4 40. f3 Kc3 41. f4 Kb2 42. Nd3+ Kxa3 43. Nc5 b6 44. Nxe6 fxe6 45. Kf3 Kxb4 46. Ke4 a5 47. Ke5 a4 48. Kxe6 a3 49. f5 a2 50. f6 gxf6 51. Kxf6 a1Q+ 52. Kg6 Qg1 53. Kxh6 Qxg3 54. Kh7 Qxh4+ 55. Kg7 c5 56. Kf7 c4 57. Ke6 c3 58. Kf7 c2 59. Kg8 c1Q 60. Kg7 Qc7+ 61. Kg6 Qd6+ 62. Kf7 Qhf6+ 63. Kg8 Qdf8+ 64. Kh7 Q6g7# 0-1

[Event "GER-ch Net Amateur Gr-C Final"]
[Site "Playchess.com INT"]
[Date "2020.04.18"]
[Round "2"]
[White "Fernandez, Thomas"]
[Black "Stein, Theodor"]
[Result "1-0"]
[WhiteElo "1515"]
[BlackElo "1609"]
[PlyCount "65"]
[EventDate "2020.04.18"]
[EventType "swiss (blitz)"]
[EventRounds "13"]
[EventCountry "GER"]
[SourceTitle "CBM 195 Extra"]
[Source "ChessBase"]
[SourceDate "2020.05.31"]
[SourceVersion "1"]
[SourceVersionDate "2020.05.31"]
[SourceQuality "1"]

1. e4 d6 2. Nf3 g6 3. d4 Bg7 4. Nc3 Nf6 5. Bf4 0-0 6. Bd3 c5 7. d5 a6 8. a4 e6 9. 0-0 Qc7 10. dxe6 Bxe6 11. e5 dxe5 12. Bxe5 Qd7 13. Ne4 Nxe4 14. Bxg7 Kxg7 15. Bxe4 Nc6 16. Qxd7 Bxd7 17. Rad1 Bf5 18. Bxf5 gxf5 19. Rd7 b5 20. b3 Rab8 21. Rfd1 bxa4 22. bxa4 Rfe8 23. Kf1 Rb2 24. Ng5 Ne5 25. R7d5 Rxc2 26. Re1 f6 27. Nh3 c4 28. f4 c3 29. fxe5 fxe5 30. Rdxe5 Rxe5 31. Rxe5 Rc1+ 32. Re1 c2 33. Rxc1 1-0

[Event "GER-ch Net Amateur Gr-C Final"]
[Site "Playchess.com INT"]
[Date "2020.04.18"]
[Round "8"]
[White "Foeing, Alexander"]
[Black "Stein, Theodor"]
[Result "1-0"]
[WhiteElo "1338"]
[BlackElo "1609"]
[PlyCount "55"]
[EventDate "2020.04.18"]
[EventType "swiss (blitz)"]
[EventRounds "13"]
[EventCountry "GER"]
[SourceTitle "CBM 195 Extra"]
[Source "ChessBase"]
[SourceDate "2020.05.31"]
[SourceVersion "1"]
[SourceVersionDate "2020.05.31"]
[SourceQuality "1"]

1. e4 e5 2. Nf3 Nc6 3. Bc4 Nf6 4. Ng5 d5 5. exd5 Na5 6. Bb5+ c6 7. dxc6 Nxc6 8. Qf3 Bd7 9. Bc4 Qe7 10. Nxf7 Rg8 11. Nd6+ Qxd6 12. Bxg8 Nxg8 13. Qh5+ g6 14. Qxh7 Nge7 15. 0-0 0-0-0 16. Qh4 Bg7 17. d3 e4 18. Qxe4 Rh8 19. h3 Be5 20. Nc3 Bxh3 21. gxh3 Rxh3 22. Qg4+ Nf5 23. Qxh3 Ncd4 24. Ne4 Ne2+ 25. Kh1 Qd5 26. Qg4 Nf4 27. Bxf4 Bxf4 28. Qxf4 1-0

[Event "GER-ch Net Amateur Gr-C Final"]
[Site "Playchess.com INT"]
[Date "2020.04.18"]
[Round "12"]
[White "Stein, Theodor"]
[Black "Grunwald, Guenther"]
[Result "0-1"]
[WhiteElo "1609"]
[BlackElo "1481"]
[PlyCount "96"]
[EventDate "2020.04.18"]
[EventType "swiss (blitz)"]
[EventRounds "13"]
[EventCountry "GER"]
[SourceTitle "CBM 195 Extra"]
[Source "ChessBase"]
[SourceDate "2020.05.31"]
[SourceVersion "1"]
[SourceVersionDate "2020.05.31"]
[SourceQuality "1"]

1. e4 e5 2. Nf3 Nc6 3. d4 d6 4. Bc4 Nf6 5. Nc3 Be7 6. 0-0 0-0 7. dxe5 dxe5 8. Bg5 Bg4 9. Qe2 Nd4 10. Qd3 Bxf3 11. gxf3 c6 12. Rad1 b5 13. Nxb5 cxb5 14. Bxb5 Nxb5 15. Qxb5 Qb6 16. Qxe5 Rfe8 17. Qc3 Rac8 18. Qd4 Red8 19. Qxb6 axb6 20. Bxf6 Bxf6 21. c3 h6 22. f4 Rxd1 23. Rxd1 Rd8 24. Re1 Rd2 25. e5 Be7 26. b4 Rxa2 27. Rc1 Re2 28. Kg2 Re4 29. Kf3 Rc4 30. Ke2 Bxb4 31. Kd2 Ba5 32. Kd3 Rxf4 33. Rf1 Rf3+ 34. Ke2 Rxc3 35. f4 Rc2+ 36. Kd3 Rxh2 37. f5 Rh3+ 38. Ke4 Rh4+ 39. Kd5 b5 40. e6 fxe6+ 41. fxe6 Bd8 42. Kd6 b4 43. Kd7 Bg5 44. Re1 b3 45. e7 Bxe7 46. Kxe7 b2 47. Ke6 Rc4 48. Kd5 Rc1 0-1

[Event "GER-ch Net Amateur Gr-C Final"]
[Site "Playchess.com INT"]
[Date "2020.04.18"]
[Round "5"]
[White "Weckerle, Anatol"]
[Black "Stein, Theodor"]
[Result "1-0"]
[WhiteElo "1370"]
[BlackElo "1609"]
[PlyCount "47"]
[EventDate "2020.04.18"]
[EventType "swiss (blitz)"]
[EventRounds "13"]
[EventCountry "GER"]
[SourceTitle "CBM 195 Extra"]
[Source "ChessBase"]
[SourceDate "2020.05.31"]
[SourceVersion "1"]
[SourceVersionDate "2020.05.31"]
[SourceQuality "1"]

1. c4 d6 2. Nc3 Nf6 3. g3 g6 4. Bg2 Bg7 5. e3 0-0 6. Nge2 e5 7. 0-0 Nc6 8. f4 exf4 9. Nxf4 Ne5 10. d3 Bg4 11. Qd2 c6 12. b3 Re8 13. d4 Ned7 14. Bf3 Bxf3 15. Rxf3 c5 16. dxc5 dxc5 17. Bb2 Ne5 18. Rff1 Qd5 19. Nfxd5 Nxd5 20. Nxd5 Rad8 21. Qe2 Nc6 22. Nf6+ Bxf6 23. Bxf6 Nd4 24. Qf2 1-0

[Event "GER-ch Net Amateur Gr-C Vor2"]
[Site "Playchess.com INT"]
[Date "2020.04.15"]
[Round "5"]
[White "Stein, Theodor"]
[Black "Radeke, Timothy"]
[Result "1/2-1/2"]
[WhiteElo "1584"]
[BlackElo "1599"]
[PlyCount "131"]
[EventDate "2020.04.15"]
[EventType "swiss (blitz)"]
[EventRounds "9"]
[EventCountry "GER"]
[SourceTitle "CBM 196 Extra"]
[Source "ChessBase"]
[SourceDate "2020.07.31"]
[SourceVersion "1"]
[SourceVersionDate "2020.07.31"]
[SourceQuality "1"]

1. e4 c5 2. Nf3 d6 3. d4 cxd4 4. Nxd4 Nf6 5. Nc3 g6 6. Bc4 Bg7 7. 0-0 0-0 8. Re1 Nc6 9. Nxc6 bxc6 10. Bf4 Bb7 11. Qd2 d5 12. exd5 cxd5 13. Bb3 d4 14. Nb5 Qb6 15. Nxd4 Rad8 16. Be3 e5 17. Nf3 Rxd2 18. Bxb6 Bxf3 19. gxf3 axb6 20. a4 Ra8 21. Rxe5 Ng4 22. Re7 Ne5 23. f4 Rd7 24. Rxd7 Nxd7 25. Rd1 Nf6 26. Ra1 Re8 27. a5 bxa5 28. Rxa5 Nh5 29. Ba2 Bxb2 30. Ra7 Rf8 31. c4 f6 32. c5+ Kh8 33. c6 Bd4 34. Rb7 Nxf4 35. c7 Be5 36. h3 Bxc7 37. Kh2 Nd5+ 38. Kg2 Nf4+ 39. Kf3 Ne6 40. Bxe6 Kg7 41. Rxc7+ Kh6 42. h4 g5 43. Bf5 gxh4 44. Rxh7+ Kg5 45. Ke4 Re8+ 46. Kd5 Rd8+ 47. Ke6 Re8+ 48. Kd6 Kxf5 49. Rxh4 Re2 50. Rh2 Ke4 51. Ke6 f5 52. Rh4+ f4 53. Rg4 Rxf2 54. Rh4 Ke3 55. Ke5 f3 56. Re4+ Kd2 57. Rd4+ Ke3 58. Re4+ Kd3 59. Rd4+ Kc3 60. Rf4 Re2+ 61. Kf5 f2 62. Kg4 Kd3 63. Kg3 Ke3 64. Rf3+ Ke4 65. Rxf2 Rxf2 66. Kxf2 1/2-1/2

[Event "GER-ch Net Amateur Gr-C Vor2"]
[Site "Playchess.com INT"]
[Date "2020.04.15"]
[Round "4"]
[White "Stein, Theodor"]
[Black "Serrer, David"]
[Result "0-1"]
[WhiteElo "1628"]
[BlackElo "1629"]
[PlyCount "206"]
[EventDate "2020.04.15"]
[EventType "swiss (blitz)"]
[EventRounds "9"]
[EventCountry "GER"]
[SourceTitle "CBM 196 Extra"]
[Source "ChessBase"]
[SourceDate "2020.07.31"]
[SourceVersion "1"]
[SourceVersionDate "2020.07.31"]
[SourceQuality "1"]

1. e4 c5 2. Nf3 Nc6 3. d4 cxd4 4. Nxd4 Nf6 5. Nc3 e5 6. Nxc6 bxc6 7. Bc4 Bb4 8. 0-0 Bxc3 9. bxc3 d5 10. exd5 cxd5 11. Bb5+ Bd7 12. c4 0-0 13. Bxd7 Qxd7 14. Bg5 dxc4 15. Bxf6 Qxd1 16. Rfxd1 gxf6 17. Rd6 Kg7 18. Rc6 Rfc8 19. Rxc8 Rxc8 20. Rd1 Rb8 21. g4 Rb2 22. Rd2 c3 23. Re2 Rxa2 24. f4 exf4 25. Rf2 a5 26. h4 Ra4 27. Rf3 Rd4 28. Rxc3 a4 29. Kf2 Kg6 30. Kf3 f5 31. Rc6+ f6 32. gxf5+ Kxf5 33. Rc5+ Ke6 34. c3 Rd3+ 35. Kxf4 a3 36. Ke4 Rh3 37. Ra5 Rxc3 38. Kd4 Rh3 39. Ke4 Rxh4+ 40. Kd3 Rh3+ 41. Ke4 h5 42. Kf4 Rb3 43. Rxh5 a2 44. Ra5 Rb2 45. Ke4 Re2+ 46. Kd3 Rb2 47. Kc3 Rh2 48. Kd3 f5 49. Ke3 Kf6 50. Kf4 Rf2+ 51. Ke3 Rb2 52. Kf4 Rb4+ 53. Kf3 Kg5 54. Rxa2 Rb3+ 55. Kg2 f4 56. Ra5+ Kg4 57. Ra8 Rb2+ 58. Kf1 Rb5 59. Rg8+ Kf3 60. Ke1 Rb1+ 61. Kd2 Kf2 62. Rf8 f3 63. Rf7 Rb2+ 64. Kc3 Re2 65. Kd3 Re5 66. Kd4 Re3 67. Rf6 Ke2 68. Rf5 f2 69. Rf4 Rd3+ 70. Ke4 Ra3 71. Kf5 f1Q 72. Rxf1 Kxf1 73. Kf4 Kf2 74. Ke4 Ke2 75. Kd4 Rh3 76. Ke4 Rh4+ 77. Kd5 Kd3 78. Ke5 Ra4 79. Kf5 Ke3 80. Kg5 Kf3 81. Kh5 Kg3 82. Kg5 Ra5+ 83. Kf6 Kf4 84. Ke6 Rh5 85. Kd6 Ke4 86. Kc6 Kd4 87. Kb6 Kc4 88. Ka6 Kb4 89. Kb6 Rh6+ 90. Kc7 Kc5 91. Kd7 Ra6 92. Ke7 Kd5 93. Kf7 Ke5 94. Kg7 Kf5 95. Kh7 Kg5 96. Kg7 Ra7+ 97. Kf8 Kf6 98. Ke8 Ke6 99. Kd8 Rh7 100. Kc8 Kd6 101. Kb8 Kc6 102. Ka8 Kb6 103. Kb8 Rh8# 0-1

[Event "GER-ch Net Amateur Gr-C Vor1"]
[Site "Playchess.com INT"]
[Date "2020.04.14"]
[Round "6"]
[White "Stein, Theodor"]
[Black "Hierl, Johannes"]
[Result "0-1"]
[WhiteElo "1620"]
[BlackElo "1474"]
[PlyCount "160"]
[EventDate "2020.04.14"]
[EventType "swiss (blitz)"]
[EventRounds "9"]
[EventCountry "GER"]
[SourceTitle "CBM 196 Extra"]
[Source "ChessBase"]
[SourceDate "2020.07.31"]
[SourceVersion "1"]
[SourceVersionDate "2020.07.31"]
[SourceQuality "1"]

1. e4 g6 2. d4 Bg7 3. Nf3 d6 4. Nc3 Nd7 5. Be3 a6 6. Qd2 b5 7. 0-0-0 c5 8. dxc5 dxc5 9. Bxc5 Qc7 10. Bd4 e5 11. Nd5 Qc6 12. Bc3 Ngf6 13. Nxf6+ Bxf6 14. Qh6 Bb7 15. Bd3 0-0-0 16. g4 Qd6 17. g5 Be7 18. Qh3 Qe6 19. Qxe6 fxe6 20. Nxe5 Nxe5 21. Bxe5 Rhf8 22. Rhf1 Bxg5+ 23. f4 Bh4 24. Bc3 g5 25. fxg5 Bxg5+ 26. Kb1 Bc6 27. Rg1 Be7 28. Bg7 Rg8 29. Be5 Kb7 30. Bc3 e5 31. Rxg8 Rxg8 32. Bxe5 Re8 33. Bg7 Rg8 34. Be5 Rg2 35. Bc3 Rxh2 36. e5 Rg2 37. Be4 Rg8 38. Bxc6+ Kxc6 39. e6 h5 40. b3 h4 41. Rh1 Rg4 42. a3 Kd6 43. Bb4+ Kxe6 44. Bxe7 Kxe7 45. Re1+ Kf6 46. Rh1 Kg5 47. c4 h3 48. c5 Kh4 49. c6 Rg8 50. c7 Rc8 51. Kc2 Kg3 52. Kd3 Kg2 53. Rd1 Rxc7 54. Rd2+ Kg3 55. Re2 Rd7+ 56. Kc3 h2 57. Re3+ Kg2 58. Re2+ Kg3 59. Re3+ Kf2 60. Rd3 Rxd3+ 61. Kxd3 h1Q 62. Kc3 Qf3+ 63. Kb4 Qe4+ 64. Ka5 Qe1+ 65. Kxa6 Qb1 66. Kxb5 Qxb3+ 67. Kc5 Qxa3+ 68. Kd5 Qb4 69. Ke6 Qc5 70. Kf6 Qd5 71. Ke7 Ke3 72. Kf6 Qe4 73. Kg5 Qf3 74. Kg6 Qf4 75. Kg7 Qf5 76. Kh8 Qg5 77. Kh7 Ke4 78. Kh8 Ke5 79. Kh7 Kf6 80. Kh8 Qg7# 0-1

[Event "GER-ch Net Amateur Gr-C Vor1"]
[Site "Playchess.com INT"]
[Date "2020.04.14"]
[Round "3"]
[White "Stein, Theodor"]
[Black "Siemianowski, Regina"]
[Result "0-1"]
[WhiteElo "1620"]
[BlackElo "1309"]
[PlyCount "122"]
[EventDate "2020.04.14"]
[EventType "swiss (blitz)"]
[EventRounds "9"]
[EventCountry "GER"]
[SourceTitle "CBM 196 Extra"]
[Source "ChessBase"]
[SourceDate "2020.07.31"]
[SourceVersion "1"]
[SourceVersionDate "2020.07.31"]
[SourceQuality "1"]

1. e4 e5 2. Nf3 Nf6 3. Nc3 Nc6 4. Bc4 h6 5. 0-0 Be7 6. d4 exd4 7. Nxd4 0-0 8. Bf4 Nxd4 9. Qxd4 d6 10. Rad1 Re8 11. e5 dxe5 12. Qxd8 Rxd8 13. Rxd8+ Bxd8 14. Bxe5 Be6 15. Rd1 Be7 16. Bxe6 fxe6 17. Bxc7 Rc8 18. Be5 Kf7 19. f3 Bc5+ 20. Kf1 a6 21. Bxf6 gxf6 22. Rd7+ Kg6 23. Rxb7 Bd4 24. Re7 e5 25. Ne2 Bxb2 26. Rb7 Rxc2 27. g4 Ba3 28. h4 Rxa2 29. h5+ Kg5 30. Rg7+ Kh4 31. Rg6 Ra1+ 32. Kf2 Bc5+ 33. Kg2 Ra2 34. Kf1 Ra1+ 35. Kg2 Re1 36. Ng3 Rg1+ 37. Kh2 Rxg3 38. Rxf6 Bg1+ 39. Kh1 Bd4 40. Rxh6 Rxf3 41. g5 Kxg5 42. Rh8 Rh3+ 43. Kg2 Rxh5 44. Rg8+ Kh4 45. Rg3 Rg5 46. Rxg5 Kxg5 47. Kf3 Kf5 48. Ke2 a5 49. Kd3 a4 50. Ke2 a3 51. Kf3 a2 52. Ke2 a1Q 53. Kf3 Qa4 54. Ke2 Kf4 55. Kd3 e4+ 56. Kd2 e3+ 57. Ke2 Qb3 58. Kf1 Kf3 59. Kg1 e2+ 60. Kh2 e1Q 61. Kh3 Qh1# 0-1

[Event "GER-ch Net Amateur Gr-C Vor1"]
[Site "Playchess.com INT"]
[Date "2020.04.14"]
[Round "2"]
[White "Stein, Theodor"]
[Black "Sikorsky, Reinhard"]
[Result "0-1"]
[WhiteElo "1620"]
[BlackElo "1699"]
[PlyCount "126"]
[EventDate "2020.04.14"]
[EventType "swiss (blitz)"]
[EventRounds "9"]
[EventCountry "GER"]
[SourceTitle "CBM 196 Extra"]
[Source "ChessBase"]
[SourceDate "2020.07.31"]
[SourceVersion "1"]
[SourceVersionDate "2020.07.31"]
[SourceQuality "1"]

1. e4 e5 2. Nf3 Nc6 3. d4 exd4 4. Nxd4 Bc5 5. Be3 d6 6. Nxc6 bxc6 7. Bxc5 dxc5 8. Qxd8+ Kxd8 9. Bc4 f6 10. 0-0 Ne7 11. Rd1+ Ke8 12. Nc3 Ng6 13. Rd2 Ke7 14. Rad1 Be6 15. Bxe6 Kxe6 16. Rd7 Rac8 17. Rxg7 Ne5 18. f4 Nc4 19. f5+ Ke5 20. Re7+ Kf4 21. g3+ Kg4 22. Rg7+ Kh5 23. Rf1 Kh6 24. Rf7 Rhf8 25. Rd7 Ne5 26. Rd2 Rb8 27. b3 c4 28. h4 cxb3 29. axb3 Rg8 30. Rg2 Ng4 31. Ne2 Ne3 32. Rgf2 Nxf1 33. Rxf1 Rbd8 34. Rf2 Rd1+ 35. Kg2 Re8 36. Kf3 a5 37. Kg2 Rd2 38. Nf4 Rxf2+ 39. Kxf2 Rxe4 40. Kf3 Re1 41. g4 Rc1 42. Ne6 Rxc2 43. g5+ fxg5 44. hxg5+ Kh5 45. f6 Rc1 46. Kg2 Kg6 47. Nf4+ Kf7 48. g6+ hxg6 49. Kf2 c5 50. Nd3 Rc2+ 51. Ke3 c4 52. bxc4 a4 53. Ne5+ Kf8 54. f7 a3 55. Nxg6+ Kxf7 56. Ne5+ Ke6 57. Ng4 a2 58. Kd3 Rb2 59. Ne3 a1Q 60. c5 Qb1+ 61. Nc2 Qxc2+ 62. Ke3 Rb3+ 63. Kd4 Qd3# 0-1